000 00285cam a22000977a 4500
008 180718b1986 xxu||||| |||| 00| 0 eng d
100 _aGaba, Om Prakash
245 _aSanvidhanvaad (Hindi)
_cby Om Prakash Gaba
260 _aDelhi
_bHindi Madhyam Karyanvay Nideshalya
_c1986
300 _a49p.
999 _c405931
_d405931